书目信息 |
| 题名: |
Word/Excel/PPT 2010商务办公从新手到高手
|
|
| 作者: | ;前沿文化 编著 | |
| 分册: | ||
| 出版信息: | 北京 科学出版社 2014 |
|
| 页数: | 352页 | |
| 开本: | 24cm | |
| 丛书名: | ||
| 单 册: | ||
| 中图分类: | TP391.12 | |
| 科图分类: | ||
| 主题词: | 汉字处理软件系统 , 表处理软件 , 图形软件 | |
| 电子资源: | ||
| ISBN: | 978-7-03-041217-1 | |
| 000 | 01157nam0 2200277 450 | |
| 001 | 0400001891 | |
| 005 | 20171025154311.84 | |
| 010 | @a978-7-03-041217-1@dCNY49.80 | |
| 100 | @a20141101e20172014em y0chiy50 ea | |
| 101 | 0 | @achi |
| 102 | @aCN@b110000 | |
| 105 | @ay z 000yy | |
| 106 | @ar | |
| 200 | 1 | @aWord/Excel/PPT 2010商务办公从新手到高手@9Word/Excel/PPT 2010 shang wu ban gong cong xin shou dao gao shou@f前沿文化编著 |
| 205 | @a第2版 | |
| 210 | @a北京@c科学出版社@d2014@h2017.3 | |
| 215 | @a352页@d24cm@e1光盘 | |
| 330 | @a本书共分为12章,包括Word文档的编辑与排版功能,Word的图文混排功能应用,Word表格的编辑与应用,Word样式与模板功能应用,Word文档处理的高级应用技巧;Excel表格编辑与公式计算,Excel表格数据的排序、筛选与汇总,Excel统计图表和透视图表的应用,Excel数据的模拟分析与预算,Excel数据的共享与高级应用;PPT幻灯片的编辑与设计,PPT幻灯片的动画制作与放映等知识。 | |
| 606 | 0 | @a汉字处理软件系统 |
| 606 | 0 | @a表处理软件 |
| 606 | 0 | @a图形软件 |
| 610 | 0 | @aWord@aExcel@aPowerPoint |
| 690 | @aTP391.12@v5 | |
| 711 | 02 | @a前沿文化@9qian yan wen hua@4编著 |
| 801 | 0 | @aCN@b91MARC@c20171019 |
| 905 | @b1025891-5@dTP391.12@f5@e1271=2 | |
| Word/Excel/PPT 2010商务办公从新手到高手/前沿文化编著.-第2版.-北京:科学出版社,2014(2017.3) |
| 352页;24cm+1光盘 |
| ISBN 978-7-03-041217-1:CNY49.80 |
| 本书共分为12章,包括Word文档的编辑与排版功能,Word的图文混排功能应用,Word表格的编辑与应用,Word样式与模板功能应用,Word文档处理的高级应用技巧;Excel表格编辑与公式计算,Excel表格数据的排序、筛选与汇总,Excel统计图表和透视图表的应用,Excel数据的模拟分析与预算,Excel数据的共享与高级应用;PPT幻灯片的编辑与设计,PPT幻灯片的动画制作与放映等知识。 |
| ● |
| 相关链接 |
|
|
|
|
正题名:Word/Excel/PPT 2010商务办公从新手到高手
索取号:TP391.12/1271=2
 
预约/预借
| 序号 | 登录号 | 条形码 | 馆藏地/架位号 | 状态 | 备注 |
| 1 | 1025891 | 210258914 | 第二样本阅览室/ [索取号:TP391.12/1271=2] | 在馆 | |
| 2 | 1025892 | 210258923 | 第三借阅区/ [索取号:TP391.12/1271=2] | 在馆 | |
| 3 | 1025893 | 210258932 | 第三借阅区/ [索取号:TP391.12/1271=2] | 在馆 | |
| 4 | 1025894 | 210258941 | 第三借阅区/ [索取号:TP391.12/1271=2] | 在馆 | |
| 5 | 1025895 | 210258950 | 密集书库—计算机科学学院/ [索取号:TP391.12/1271=2] | 在馆 |